Statistics for Top 40 Monthly listeners On Spotify

Click here to take the quiz!

General Stats

  • This quiz has been taken 119 times
  • The average score is 14 of 40

Answer Stats

RankMillion ListenersArtist% Correct
455.90Drake
86%
554.77Ed Sheeran
78%
358.61Justin Bieber
78%
3333.66Taylor Swift
77%
164.12The Weeknd
74%
2238.45Ariana Grande
69%
1243.18Rihanna
60%
260.10Dua Lipa
58%
948.44Billie Eilish
48%
2438.00Selena Gomez
47%
2537.81Eminem
46%
3134.99Lady Gaga
46%
1143.39Maroon 5
41%
849.00Post Malone
41%
2039.25Shawn Mendes
41%
3832.87Travis Scott
41%
4031.51Bruno Mars
38%
1342.89Nicki Minaj
37%
1146.54Camila Cabello
35%
1641.14Bad Bunny
34%
653.33J Balvin
31%
3733.01Coldplay
28%
3932.06Queen
26%
2835.88The Chainsmokers
26%
3533.16Imagine Dragons
25%
1442.78Halsey
23%
2935.12Calvin Harris
22%
2338.42Doja Cat
22%
751.04Khalid
21%
3035.02David Guetta
18%
2138.85Sam Smith
18%
1939.91Daddy Yankee
15%
3433.26Marshmello
15%
3234.77Lewis Capaldi
14%
1541.42Tones And I
11%
1839.96Tyga
11%
2736.25Kygo
8%
1740.41Roddy Rich
4%
3633.07SAINt JHN
2%
2637.20Diplo
0%

Score Distribution

Percentile by Number Answered

Percent of People with Each Score

Your Score History

You have not taken this quiz